Southville International School and Colleges
Your cart is empty.
  • Cart
  • Lists
    Public lists Eva Luna New books Lux_list list_1
    Your lists Log in to create your own lists
  • Log in to your account
  • Your cookies
  • Search history
Southville International School and Colleges
  • Advanced search
  • Recent comments
  • Most popular
  • Libraries

Log in to your account

Log in with GOOGLE


If you do not have an external account, but do have a local account, you can still log in:

  1. Home
  2. MARC view: Ella Barnwell :
Normal view MARC view ISBD view

Ella Barnwell : (Record no. 244679)

[ view plain ]
MARC details
000 -LEADER
fixed length control field 00825cam a22002653a 4500
001 - CONTROL NUMBER
control field 15424
003 - CONTROL NUMBER IDENTIFIER
control field PGUSA
005 - DATE AND TIME OF LATEST TRANSACTION
control field 20140828083329.0
008 - FIXED-LENGTH DATA ELEMENTS--GENERAL INFORMATION
fixed length control field 050321s2005||||xxu|||||s|||||000 1 eng d
040 ## - CATALOGING SOURCE
Original cataloging agency PGUSA
Language of cataloging eng
042 ## - AUTHENTICATION CODE
Authentication code dc
050 #4 - LIBRARY OF CONGRESS CALL NUMBER
Classification number PS
100 1# - MAIN ENTRY--PERSONAL NAME
Personal name Bennett, Emerson,
Dates associated with a name 1822-1905
245 10 - TITLE STATEMENT
Title Ella Barnwell :
Remainder of title A Historical Romance of Border Life
Medium [electronic resource] /
Statement of responsibility, etc Emerson Bennett
260 ## - PUBLICATION, DISTRIBUTION, ETC. (IMPRINT)
Name of publisher, distributor, etc Project Gutenberg,
Date of publication, distribution, etc 2005
500 ## - GENERAL NOTE
General note An earlier edition has title: The renegade.
506 ## - RESTRICTIONS ON ACCESS NOTE
Terms governing access Public domain in the USA.
516 ## - TYPE OF COMPUTER FILE OR DATA NOTE
Type of computer file or data note Electronic text
653 ## - INDEX TERM--UNCONTROLLED
Uncontrolled term Kentucky -- Fiction
653 ## - INDEX TERM--UNCONTROLLED
Uncontrolled term Frontier and pioneer life -- Fiction
653 ## - INDEX TERM--UNCONTROLLED
Uncontrolled term Girty, Simon, 1741-1818 -- Fiction
830 #0 - SERIES ADDED ENTRY--UNIFORM TITLE
Uniform title Project Gutenberg
Volume number/sequential designation 15424
856 40 - ELECTRONIC LOCATION AND ACCESS
Uniform Resource Identifier <a href="http://www.gutenberg.org/ebooks/15424">http://www.gutenberg.org/ebooks/15424</a>
942 ## - ADDED ENTRY ELEMENTS (KOHA)
Koha item type eBooks
Holdings
Withdrawn status Lost status Damaged status Home library Current library Date acquired Total Checkouts Date last seen Price effective from Koha item type
      Project Gutenberg Project Gutenberg 08/28/2014   08/28/2014 08/28/2014 eBooks

Ella Barnwell :

APA

Bennett E., . (2005). Ella Barnwell. : Project Gutenberg.

Chicago

Bennett Emerson, . 2005. Ella Barnwell. : Project Gutenberg.

Harvard

Bennett E., . (2005). Ella Barnwell. : Project Gutenberg.

MLA

Bennett Emerson, . Ella Barnwell. : Project Gutenberg. 2005.

  • Place hold
  • Print
  • Cite
  • Add to your cart (remove)
  • Save record
    BIBTEX Dublin Core MARCXML MARC (non-Unicode/MARC-8) MARC (Unicode/UTF-8) MARC (Unicode/UTF-8, Standard) MODS (XML) RIS
  • More searches
    Search for this title in:
    Other Libraries (WorldCat) Other Databases (Google Scholar) Online Stores (Bookfinder.com) Open Library (openlibrary.org)

Exporting to Dublin Core...

SOUTHVILLE LIBRARY

Southville International School and Colleges Library

1281 Tropical Ave. Cor. Luxembourg St., BF Homes International, Las Pinas City

Tel. No. 8256374 / 252358 Loc. 117/146

Powered by Koha